Baylor Football: Top 10 All-Time Leaders - Statistics

General Stats
  • This quiz has been taken 10 times
  • The average score is 14 of 60
Answer Stats
Category # Player Amount % Correct
Passing Yards 1 Robert Griffin III 10,366
100%
Rushing Yards 6 Robert Griffin III 2,254
100%
Passing Yards 4 Sawyer Robertson 6,311
78%
Receiving Yards 5 Corey Coleman 3,009
67%
Passing Yards 2 Charlie Brewer 9,700
56%
Sacks 2 Shawn Oakman 17.5
56%
Receiving Yards 2 Terrance Williams 3,334
56%
Rushing Yards 10 David Mims 2,060
44%
Receiving Yards 6 Denzel Mims 2,925
44%
Passing Yards 8 Blake Shapen 5,574
33%
Passing Yards 3 Bryce Petty 8,195
33%
Receiving Yards 3 K.D. Cannon 3,113
33%
Receiving Yards 1 Kendall Wright 4,004
33%
Tackles 1 Mike Singletary 662
33%
Passing Yards 10 Seth Russell 5,461
33%
Rushing Yards 1 Shock Linwood 4,213
33%
Receiving Yards 10 Tyquan Thornton 2,242
33%
Sacks 1 James Lynch 22.0
22%
Passing Yards 6 J.J. Joe 5,991
22%
Passing Yards 5 Nick Florence 6,301
22%
Passing Yards 7 Shawn Bell 5,666
22%
Sacks 3 Terrel Bernard 16.5
22%
Interceptions 10 Adrian Robinson 11
11%
Rushing Yards 5 Alfred Anderson 2,424
11%
Receiving Yards 9 Antwan Goodley 2,366
11%
Sacks T4 Chris McAllister 15.0
11%
Rushing Yards 7 Darrell Bush 2,249
11%
Sacks T4 Daryl Gardener 15.0
11%
Rushing Yards 8 Dennis Gentry 2,213
11%
Tackles 7 Doak Field 330
11%
Tackles 10 Gary Joe Kinne 323
11%
Interceptions 3 George Sims 15
11%
Receiving Yards 7 Gerald McNeil 2,651
11%
Sacks T9 Jamal Palmer 13.0
11%
Tackles 6 James Francis 334
11%
Sacks T7 James Francis 13.5
11%
Rushing Yards 4 Jay Finley 2,660
11%
Passing Yards 9 Jeff Watson 5,531
11%
Rushing Yards 3 Jerod Douglas 2,811
11%
Tackles 2 Joe Pawelek 422
11%
Sacks T9 John Garrett 13.0
11%
Tackles 9 Jordan Lake 324
11%
Tackles 5 Kris Micheaux 351
11%
Rushing Yards 9 Lache Seastrunk 2,189
11%
Sacks T7 Matthew Pearson 13.5
11%
Tackles 4 Maurice Lane 365
11%
Interceptions T7 Michael McFarland 12
11%
Interceptions T1 Mike Welch 16
11%
Interceptions T7 Orion Stewart 12
11%
Tackles 3 Ray Berry 380
11%
Receiving Yards 8 Reggie Newhouse 2,552
11%
Interceptions T4 Robert Blackmon 14
11%
Interceptions 6 Robert Reid 13
11%
Interceptions T4 Ron Francis 14
11%
Sacks 6 Scotty Lewis 14.0
11%
Receiving Yards 4 Tevin Reese 3,102
11%
Tackles 8 Thomas Everett 325
11%
Interceptions T7 Thomas Everett 12
11%
Interceptions T1 Vann McElroy 16
11%
Rushing Yards 2 Walter Abercrombie 3,665
11%
No matching quizzes found
Score Distribution
Percent of People with Each Score
Percentile by Number Answered
Your Score History
You have not taken this quiz